| 000 | 00979nam a22002297a 4500 | ||
|---|---|---|---|
| 003 | OSt | ||
| 005 | 20260310011536.0 | ||
| 008 | 260310b |||||||| |||| 00| 0 eng d | ||
| 020 | _a 978-1-4424-4933-6 | ||
| 040 |
_aDWCL GS lib _cOC |
||
| 082 | _2 H916g 2012 | ||
| 100 | _aHOLUB, JOAN | ||
| 245 |
_a Goddess girls _b the girl games super special _cJoan Holub |
||
| 260 |
_aNew York _b Alladin/ Simon & Schuster _c2012 |
||
| 300 |
_avii, 306 pages: _billustrations _c19cm. |
||
| 504 | _aHolub, Joan, and Suzanne Williams. The Girl Games (Super Special). New York: Aladdin, 2012. | ||
| 520 | _aThe Girl Games by Joan Holub and Suzanne Williams is a special story in the Goddess Girls. The story takes place at Mount Olympus Academy, where young gods and goddesses go to school. | ||
| 546 | _aEnglish | ||
| 650 | _2Practice Teamwork, Be Fair in Competition | ||
| 650 | _2Friendship is More Important than Winning, Teamwork and Cooperation | ||
| 942 |
_2ddc _cFIC. _hFic. _n0 |
||
| 999 |
_c8807 _d8807 |
||